| 000 | 00452nam a2200157 i 4500 | ||
|---|---|---|---|
| 001 | 51955 | ||
| 003 | ES-MaACL | ||
| 005 | 20230906162458.0 | ||
| 007 | t| | ||
| 008 | 030821s1980 sp ||||1| eng d | ||
| 100 | 1 |
_aChien, Yüan-heng. _938502 |
|
| 245 | 1 | 0 |
_aChinese Communist industry in 1979 / _cby Chien Yuan-heng. |
| 260 |
_a[S.l.] : _bWorld Anti-Communist League, _c1980. |
||
| 300 |
_a37 p. ; _c19 cm. |
||
| 852 |
_aES-MaACL _j2111-F-13 _bR.100849 |
||
| 999 |
_c51955 _d51955 |
||